| 000 | 00739nam a2200265Ia 4500 | ||
|---|---|---|---|
| 003 | OSt | ||
| 005 | 20220918220541.0 | ||
| 006 | a|||||r|||| 00| 0 | ||
| 007 | ta | ||
| 008 | 220917b |||||||| |||| 00| 0 eng d | ||
| 024 | _a146,383 | ||
| 037 | _cTextual | ||
| 040 |
_aARTS _cARTS _beng |
||
| 041 |
_2eng _aeng |
||
| 082 | _aYZ, M0 | ||
| 100 |
_aRushton J Phillipppe _9137771 |
||
| 245 | 0 | _aAltruism socialization and society | |
| 260 |
_aNew Jersey _bPrentice Hall Inc. _c1980 |
||
| 300 |
_axi, 244p. _ccm. |
||
| 490 | _aPrentice Hall series in social learing in theory | ||
| 500 | _aBibliography p200-209 | ||
| 650 | _aSOCIOLOGY | ||
| 942 |
_hYZ, M0 _cTEXL _2CC |
||
| 999 |
_c269139 _d269139 |
||